[Event "ROU-chT Men Superliga 2018"]
[Site "Sovata"]
[Date "2018.11.24"]
[Round "1.1"]
[White "Miron, Lucian-Costin"]
[Black "Visakh N R"]
[Result "1/2-1/2"]
[WhiteElo "2465"]
[BlackElo "2489"]
[Annotator "TA"]
[PlyCount "80"]
[EventDate "2018.11.24"]
[EventType "team-tourn"]
[EventCountry "ROU"]
[SourceTitle "playchess.com"]
[Source "ChessBase"]
[SourceQuality "1"]

{[%evp 23,80,45,50,44,58,37,37,36,40,25,48,40,41,49,49,31,53,20,25,10,23,0,9,0,0,0,0,0,0,-14,0,0,0,0,6,0,0,0,0,0,0,0,6,6,6,6,6,5,6,0,0,0,0,0,0,0,8,4,6]} 1. e4 e5 2. Nf3 Nf6 {[%cal Bg8f6,Bf6e4,Be4d2][%mdl 32]} 3. Nxe5 d6 4. Nf3 Nxe4 5. d4 d5 6. Bd3 Nc6 7. O-O Be7 8. Nbd2 Nxd2 9. Bxd2 Bg4 10. c3 O-O {C42: Petroff Defence: 3 Nxe5 and unusual White 3rd moves} 11. h3 Bh5 12. g3 Bg6 {LiveBook: 4 Games. White is slightly better.} (12... Qd7 13. Kg2 Rfe8 14. Qc2 Bg6 15. Bxg6 hxg6 16. Rfe1 b6 17. Bf4 Bd6 18. Bxd6 Qxd6 19. Re2 Re7 20. Rxe7 Nxe7 21. Re1 f6 22. h4 Qd7 23. Ng1 {½-½ (23) Bacrot,E (2715)-Bu,X (2710) Tbilisi 2017}) 13. Bxg6 hxg6 14. Bf4 $146 ({Predecessor:} 14. Kg2 Qd7 15. Qc2 Qf5 16. Qxf5 gxf5 17. Bf4 Bd6 18. Bxd6 cxd6 {1-0 (37) Shevchenko,K (2439)-Rudenko,N (2337) St Petersburg 2016}) 14... Bd6 15. Bxd6 Qxd6 16. Re1 Rfe8 17. Qd3 a6 18. Kg2 Qd7 19. Rad1 Rad8 20. Qd2 f6 21. Qd3 Ne7 22. Re2 Nf5 {The position is equal.} 23. Rde1 Rxe2 24. Qxe2 Kf7 25. Nd2 Nd6 26. Qg4 b6 27. Qxd7+ Rxd7 $11 {[%mdl 4096] Endgame KRN-KRN} 28. h4 Rd8 29. Re2 a5 30. a4 Rb8 31. Nb3 Nc4 {aiming for ...Re8.} 32. Nc1 b5 33. axb5 Rxb5 34. b3 Nd6 35. Ra2 Ne4 36. c4 dxc4 37. bxc4 Rb4 38. Kf3 Nd6 39. Rxa5 Rxc4 40. Rc5 Rxd4 {Accuracy: White = 54%, Black = 64%.} 1/2-1/2

[Event "ROU-chT Men Superliga 2018"]
[Site "Sovata"]
[Date "2018.11.24"]
[Round "1.2"]
[White "David, Alexandru-Vasile"]
[Black "Manea, Alexandru"]
[Result "1-0"]
[WhiteElo "2426"]
[BlackElo "2347"]
[Annotator "TA"]
[PlyCount "47"]
[EventDate "2018.11.24"]
[EventType "team-tourn"]
[EventCountry "ROU"]
[SourceTitle "playchess.com"]
[Source "ChessBase"]
[SourceQuality "1"]

{[%evp 27,47,37,50,-37,98,26,89,78,52,62,278,256,418,424,580,410,523,500,1127,1168,1714,1008]} 1. d4 d5 2. c4 c6 3. Nf3 Nf6 4. Nc3 e6 5. Bg5 dxc4 6. e4 {[%cal Be2e4,Be4e5][%mdl 32]} b5 7. e5 h6 8. Bh4 g5 9. Nxg5 hxg5 10. Bxg5 Be7 11. exf6 Bxf6 12. Bxf6 Qxf6 13. g3 Bb7 {D44: Semi-Slav: Botvinnik System} 14. Bg2 Na6 $1 {LiveBook: 99 Games} 15. O-O ({White should try} 15. Ne4 $14 Qe7 16. O-O) (15. Ne4 Qe7 16. O-O O-O-O 17. h4 c5 18. a4 Rxd4 19. Qe2 b4 20. Rac1 Bd5 21. Rfd1 Rxd1+ 22. Rxd1 Rd8 23. Rc1 Nb8 {0-1 (37) Melkumyan,H (2660)-Shankland,S (2722) Batumi 2018}) 15... Rd8 $146 (15... O-O-O $1 $15 {stays ahead.}) ({Predecessor:} 15... O-O-O 16. a4 Rxd4 17. Qe2 b4 18. Ne4 Qe5 19. Rad1 Rhd8 20. Rxd4 Qxd4 21. Ng5 Rd7 {½-½ (21) Tunik,G (2435)-Dreev,A (2395) Soviet Union 1985}) 16. a4 (16. Ne2 $16) 16... Rxd4 (16... b4 $1 $11 17. Ne2 Nc5) 17. Qe2 $16 b4 18. Ne4 {[%cal Bc3e4,Be4d6,Bd6f5][%mdl 32]} Qh6 $2 {[#]} (18... Qe5 $14) 19. Rfd1 $1 $18 {[%cal Rd1d4]} Rxd1+ $2 (19... Qxh2+ 20. Kf1 Rxe4 21. Qxe4 c3 22. bxc3 bxc3) 20. Rxd1 Ke7 21. Nd6 {Nf5+ is the strong threat.} Qxh2+ 22. Kf1 {White is clearly winning.} Ba8 (22... c3 $142 23. Nxb7 Qh5) 23. Qe5 {[#] Intending Nf5+ and mate.} Qh7 24. Nf5+ {Accuracy: White = 46%, Black = 11%.} 1-0

[Event "ROU-chT Men Superliga 2018"]
[Site "Sovata"]
[Date "2018.11.24"]
[Round "1.3"]
[White "Cioara, Andrei-Nestor"]
[Black "Baltag, Iulian"]
[Result "1-0"]
[WhiteElo "2427"]
[BlackElo "2414"]
[Annotator "TA"]
[PlyCount "41"]
[EventDate "2018.11.24"]
[EventType "team-tourn"]
[EventCountry "ROU"]
[SourceTitle "playchess.com"]
[Source "ChessBase"]
[SourceQuality "1"]

{[%evp 11,41,50,65,69,62,0,0,6,363,368,422,408,472,469,472,464,472,457,365,385,456,467,498,398,648,640,625,611,736,736,752,735]} 1. d4 {[%cal Bd2d4,Bd4d5][%mdl 32]} d5 2. c4 dxc4 3. e4 {[%cal Be2e4,Be4e5][%mdl 32]} c5 4. d5 Nf6 5. Nc3 b5 {[%cal Bb7b5,Bb5b4][%mdl 32]} 6. Bf4 Ba6 7. e5 {D20: Queen's Gambit Accepted: 3 e3 and 3 e4} b4 $1 {[%cal Rb4c3]} 8. Na4 $146 ({White should play} 8. exf6 $14 bxc3 9. bxc3) ({Predecessor:} 8. exf6 bxc3 9. bxc3 exf6 10. d6 Qd7 11. Be2 Bb7 12. Bg4 f5 13. Bf3 Qe6+ 14. Ne2 Bxf3 15. gxf3 {1-0 (36) Korobov,A (2685)-Leventic,I (2411) Biograd 2018}) 8... Nxd5 $11 9. Nxc5 {Hoping for e6.The position is equal.} Bb5 $2 {[%mdl 8192]} (9... Nxf4 $11 {and Black stays safe.} 10. Qa4+ Nd7 11. Nxa6 Rc8) 10. e6 $18 Nc6 {[#]} 11. Nb7 $1 {[%cal Rb7d8]} ({And not} 11. Qh5 g6 $17) 11... Qb6 12. exf7+ (12. Qxd5 fxe6 13. Qe4 (13. Qxe6 Qxb7 14. Nf3 Nd8 $11) 13... Qxb7 $16) 12... Kxf7 13. Qxd5+ {[%mdl 64] Double Attack} Ke8 14. Bxc4 ({Not} 14. Nc5 Rd8 $18) 14... Bxc4 15. Qxc4 Qxb7 16. Nf3 Na5 17. Qc5 Qb6 $2 {[#]} (17... Qa6 18. Qh5+ g6) 18. Qh5+ {White is clearly winning.} g6 19. Qe5 Qf6 20. Qxa5 Qxf4 21. Qb5+ {Accuracy: White = 88%, Black = 16%.} 1-0

[Event "ROU-chT Men Superliga 2018"]
[Site "Sovata"]
[Date "2018.11.24"]
[Round "1.4"]
[White "Petrisor, Adrian-Marian"]
[Black "Ionescu, Doru-Alexandru"]
[Result "1-0"]
[WhiteElo "2425"]
[BlackElo "2321"]
[Annotator "TA"]
[PlyCount "69"]
[EventDate "2018.11.24"]
[EventType "team-tourn"]
[EventCountry "ROU"]
[SourceTitle "playchess.com"]
[Source "ChessBase"]
[SourceQuality "1"]

{[%evp 10,69,77,77,99,91,107,75,108,87,206,93,96,100,236,238,276,243,339,337,335,346,336,347,326,329,306,283,279,265,264,246,219,218,230,241,213,195,200,183,315,277,258,241,237,247,244,247,248,253,491,216,278,293,339,352,312,308,852,852,845,832]} 1. e4 g6 2. d4 Bg7 3. Nc3 d6 4. f4 c6 5. Nf3 Qb6 6. Bc4 {LiveBook: 24 Games} Na6 {B06: Modern Defence} (6... Nh6 7. Bb3 Bg4 8. Be3 d5 9. e5 Nf5 10. Bf2 h5 11. Qd3 Qa6 12. O-O-O h4 13. Ne2 Qxd3 14. Rxd3 Na6 {0-1 (36) Bologan,V (2655)-Azmaiparashvili,Z (2674) Panormo 2001}) 7. O-O Nc7 8. Kh1 $146 ({Predecessor:} 8. a4 a5 9. Be3 Nf6 10. h3 d5 11. exd5 Nfxd5 12. Qd2 Nxe3 13. Qxe3 Be6 14. b3 {0-1 (40) Necesany,Z-Richardson,K ICCF corr 1972}) 8... Nh6 {White is better.} 9. Qe1 {Hoping for Na4.} Qa5 (9... Ne6 $16) 10. e5 (10. Bd2 $18 {and White stays clearly on top. aiming for Nd5.} Qh5 11. Ne2) 10... Be6 $16 11. exd6 {And now Bd2 would win.} exd6 (11... Nf5 $16) 12. Bd2 $1 $18 Qf5 13. Bd3 Qf6 14. f5 gxf5 15. Bg5 Qg6 16. Ne2 {Nf4 is the strong threat.} f6 17. Nf4 Qf7 18. Nxe6 Qxe6 19. Bxh6 Bxh6 20. Qh4 Be3 21. Qh5+ Qf7 22. Qxf5 O-O 23. Rae1 Rae8 24. Qh3 Qg7 {[#]} (24... Nd5 {was called for.} 25. Qg3+ (25. c4 Nf4 $14) 25... Kh8) 25. Nh4 $1 {[%cal Rh4f5]} Qh6 26. Nf5 Qxh3 27. gxh3 Bd2 28. Rd1 Ba5 29. Nxd6 Rb8 $2 (29... Re6) 30. Rg1+ (30. Rf5 $142 {Black must now prevent Rg1+.} Nb5 31. Rg1+ Kh8 32. Rh5 {[%mdl 64] Discovered Attack (Double check)}) 30... Kh8 31. Rg4 {White wants to mate with Rdg1.} Ne6 32. Rdg1 {Intending Rg8+! and mate.} Ng5 {[#]} 33. h4 $1 {[%cal Bh3h4,Bh4g5,Bg5g6][%mdl 32]} Bc7 $2 (33... h5 34. R4g3 (34. hxg5 hxg4 35. g6 f5 $16) 34... Bc7) 34. hxg5 Bxd6 35. g6 {Accuracy: White = 72%, Black = 38%.} 1-0

[Event "ROU-chT Men Superliga 2018"]
[Site "Sovata"]
[Date "2018.11.24"]
[Round "1.5"]
[White "Moldovan, Daniel"]
[Black "Stoleriu, George"]
[Result "1-0"]
[WhiteElo "2406"]
[BlackElo "2362"]
[Annotator "TA"]
[PlyCount "59"]
[EventDate "2018.11.24"]
[EventType "team-tourn"]
[EventCountry "ROU"]
[SourceTitle "playchess.com"]
[Source "ChessBase"]
[SourceQuality "1"]

{[%evp 14,59,20,22,34,33,31,18,33,29,25,21,27,24,30,29,43,43,63,57,61,61,74,72,96,90,220,224,196,197,297,298,330,335,446,445,493,463,445,454,512,388,706,701,629,514,517,518]} 1. d4 e6 2. Nf3 Nf6 3. e3 b6 4. Bd3 Bb7 5. O-O Be7 6. Nbd2 c5 7. c3 O-O 8. e4 {[%cal Be3e4,Be4e5][%mdl 32]} d5 {[%cal Rd5e4] A47: 1 d4 Nf6 2 Nf3 b6: Torre, London and Colle Systems} (8... Nc6 9. a3 Rc8 10. Qe2 d6 11. Rd1 Re8 12. Nf1 Qc7 13. e5 Nd7 14. exd6 Bxd6 15. dxc5 Bxc5 16. Bxh7+ Kxh7 {0-1 (48) Krysztofiak,M (2397)-Wojtaszek,R (2630) Warsaw 2006}) 9. e5 Nfd7 10. Re1 Ba6 {The position is equal.} 11. Bc2 Nc6 12. a3 Rc8 $146 ({Predecessor:} 12... cxd4 13. cxd4 Rc8 {1-0 (32) Llorens Sepulveda,M (2353)-Bartucevic Sanchez,D (2106) Santiago de Chile 2007}) 13. b4 cxd4 14. cxd4 Qc7 15. Bb1 f6 {[%cal Rf6e5]} 16. exf6 Bxf6 17. Bb2 Qd6 18. Qb3 Bc4 19. Qe3 Rce8 (19... Rfe8 $16 {is a better defense.}) 20. Nxc4 $18 dxc4 21. Ne5 {Black must now prevent Qe4.} Bxe5 (21... c3 $142 22. Bxc3 Ne7) 22. dxe5 Qc7 23. Qe4 $1 {[%csl LRc4,LRh7]} Rf5 24. Qxc4 Ndxe5 25. Bxe5 Rxe5 26. Be4 Rc8 27. b5 Rh5 $2 (27... Na5 28. Qxc7 Rxc7 29. Bxh7+ {[%mdl 64] Discovered Attack} Kxh7) 28. Qxe6+ {White is clearly winning.} ({Don't go for} 28. Bxc6 $2 Qxh2+ 29. Kf1 Qh1+ 30. Ke2 Re5+ 31. Kd2 Rd8+ 32. Bd7 Qh6+ 33. Kc2 Rc5 $19) 28... Kh8 {[#]} 29. Qxc8+ $3 {[%mdl 512]} Qxc8 30. Bxc6 {Accuracy: White = 94%, Black = 26%.} 1-0

[Event "ROU-chT Men Superliga 2018"]
[Site "Sovata"]
[Date "2018.11.24"]
[Round "1.6"]
[White "Baratosi, Daniel"]
[Black "Ognean, Mihnea-Ionut"]
[Result "1-0"]
[WhiteElo "2373"]
[BlackElo "2291"]
[Annotator "TA"]
[PlyCount "115"]
[EventDate "2018.11.24"]
[EventType "team-tourn"]
[EventCountry "ROU"]
[SourceTitle "playchess.com"]
[Source "ChessBase"]
[SourceQuality "1"]

{[%evp 9,115,-32,-35,-51,-20,-37,-16,-24,10,-27,-13,-9,-3,-29,-31,-34,-14,-47,-13,-65,-57,-54,-73,-57,-35,-32,-22,-91,-21,-73,-64,-101,-26,-50,8,-64,-5,-85,-37,-45,-32,-64,0,0,0,-77,-52,-162,-151,-266,-248,-343,-300,-287,-215,-243,-239,-278,164,137,256,263,262,258,201,0,1348,1341,1299,1266,29976,29977,29976,29977,29975,29976,5510,606,591,481,478,466,407,283,266,242,291,249,512,508,474,354,524,509,660,660,620,580,6125,6119,29982,672,29983,29984,29981,843,1435,1416]} 1. b3 e5 2. Bb2 Nc6 3. e3 Nf6 4. d3 d5 5. Nd2 Bd6 6. h3 {A01: Nimzowitsch-Larsen Opening} (6. a3 O-O 7. Be2 Re8 8. b4 e4 9. Bxf6 Qxf6 10. d4 Qg6 11. g3 {½-½ (11) Ynojosa Aponte,F (2390)-Martin Del Campo C,R (2357) Charlotte 2018}) 6... Qe7 7. a3 Bd7 {[%cal Bc8d7,Bd7f5,Bf5h7][%mdl 32]} 8. Ne2 $146 {The position is equal.} ({Predecessor:} 8. Be2 a6 9. Ngf3 O-O {0-1 (40) Sanhueza,S-Cancino,E Santiago de Chile 1994}) 8... h5 9. g3 Nd8 10. Bg2 c6 11. Qb1 Bf5 12. Qa2 Ne6 13. e4 Bh7 14. O-O-O (14. f4 $1 $11 Qc7 15. O-O-O) 14... dxe4 $15 15. dxe4 Bc7 16. Qa1 Nd7 17. Nc4 Nec5 18. Nc3 (18. f3 $1 $11) 18... O-O-O (18... b5 $17 19. Ne3 O-O) 19. Ne3 (19. h4 $11) 19... h4 $17 {Threatens to win with ...hxg3.} 20. g4 g6 (20... Ne6 $17 21. Kb1 Nf4) 21. Kb1 $11 f6 (21... Ne6 $15) 22. Rhe1 (22. a4 $11) 22... Rhe8 (22... Ne6 $15) 23. Bf1 (23. a4 $1 $11 {remains equal.}) 23... Nf8 24. b4 Nce6 25. b5 Nd4 ({Better is} 25... Bg8 $15) 26. bxc6 bxc6 27. Ba6+ (27. Na2 $11 {keeps the balance.}) 27... Kb8 $17 28. a4 (28. Na2 $15) 28... Ka8 $19 29. Nc4 (29. a5 $17 {keeps fighting.}) 29... Nfe6 30. Ba3 Rb8+ 31. Kc1 Qg7 32. a5 Red8 $1 33. Re3 Nb5 $4 {[%mdl 8192]} (33... f5 $19 {aiming for ...fxg4.} 34. Nd2 fxg4) 34. Rxd8 $18 Bxd8 (34... Rxd8 $16 {is a better defense.} 35. Nxb5 (35. Bxb5 cxb5 36. Nxb5 Nd4 $11) 35... cxb5) 35. Nxb5 $1 cxb5 {[#]} 36. Bd6 $1 Bc7 {[#] Strongly threatening ...Bg8.} ({Don't play} 36... bxc4 37. Bxc4 Nf4 38. Bxb8 $18) 37. Nb6+ $2 $40 {[%mdl 128] White is up to no good.} (37. Rc3 $1 $18 {And now Nb6+! would win.} Bg8 38. Qa3) 37... Rxb6 $2 {[%mdl 8192]} (37... axb6 $11 38. Bxb5 bxa5 {[%mdl 64] Discovered Attack (Double check)}) 38. axb6 {White threatens Qa2 and mate.} Bxd6 39. Qa2 {White wants to mate with Qd5+.} Qe7 40. Qd5+ Kb8 41. Qc6 {[%csl Ga6][%cal Rc6c8]} axb6 42. Qxb6+ Ka8 43. Rc3 (43. Bxb5 $142 Ba3+ 44. Kb1) 43... Bc5 44. Qc6+ Ka7 45. Bc8 Nd4 46. Qxc5+ Qxc5 47. Rxc5 {[%mdl 4096] Endgame KRB-KBN} Kb6 48. Rd5 Ne2+ $2 (48... g5 {might work better.} 49. Bf5 Bg8 50. Rd6+ Kc7 51. Rxf6 Ne2+ 52. Kd2 Nf4) 49. Kd2 Nf4 50. Rd6+ Kc5 (50... Kc7 $142 51. Rxf6 Nxh3 52. Rf7+ Kxc8 53. Rxh7 Nxf2 54. Rxh4 g5) 51. Rxf6 Nxh3 52. Bd7 {Threatening mate with c3.} Ng5 53. Kd3 h3 {White must now prevent ...h2.} 54. c3 {[%csl Gd7][%cal Rf6c6]} b4 55. Rc6+ Kb5 56. Rxg6+ Kc5 57. Rc6+ (57. cxb4+ $142 Kxb4 58. Rxg5 h2 59. Rh5 {[%mdl 64] Double Attack} Bg8 60. Rxh2 Ka5 61. Rh6 Bc4+ 62. Ke3) 57... Kb5 58. Re6+ {Accuracy: White = 39%, Black = 38%.} 1-0

[Event "ROU-chT Men Superliga 2018"]
[Site "Sovata"]
[Date "2018.11.24"]
[Round "1.7"]
[White "Lupulescu, Constantin"]
[Black "Macovei, Andrei"]
[Result "1/2-1/2"]
[WhiteElo "2601"]
[BlackElo "2369"]
[Annotator "TA"]
[PlyCount "113"]
[EventDate "2018.11.24"]
[EventType "team-tourn"]
[EventCountry "ROU"]
[SourceTitle "playchess.com"]
[Source "ChessBase"]
[SourceQuality "1"]

{[%evp 25,113,23,50,43,60,51,93,56,66,28,17,20,34,0,0,0,0,2,0,0,19,18,38,40,39,39,45,41,43,40,43,42,38,35,35,22,34,16,23,17,25,22,27,0,0,0,0,0,0,0,0,0,4,0,18,19,36,36,36,36,36,36,36,36,36,36,37,36,38,38,38,0,37,0,36,36,36,26,46,0,0,0,0,0,0,0,0,0,0,0]} 1. Nf3 Nf6 2. c4 e6 3. Nc3 d5 4. e3 c5 5. cxd5 exd5 6. d4 Nc6 7. Bb5 Bd6 8. dxc5 Bxc5 9. O-O O-O 10. b3 Bg4 11. Bb2 Rc8 12. Rc1 Bd6 13. Be2 a6 14. Nd4 {D32: Tarrasch Defence: Sidelines and lines without g3} Bd7 $146 ({Predecessor:} 14... Be6 15. Na4 Ne4 16. Nxc6 Rxc6 17. Qd4 f6 18. Rxc6 bxc6 19. Qb6 Qxb6 20. Nxb6 Be5 21. Ba3 Nc3 22. Bxa6 {0-1 (45) Dubrovin,R (2231)-Ladva,O (2449) Viljandi 2016}) 15. Bf3 Qa5 16. a3 {White is better.} Ne5 17. Qd2 Nxf3+ 18. Nxf3 Bg4 19. Ne4 Qxd2 20. Nxf6+ gxf6 21. Nxd2 Be5 22. Bd4 Kg7 23. h3 Bf5 24. Nf3 Bd6 25. Bb2 Rxc1 26. Rxc1 Rc8 27. Rd1 Be6 28. Rd2 h5 29. Nd4 Be5 30. Ne2 Kg6 31. f3 {[%cal Bf2f3,Bf3f4][%mdl 32]} Rc6 32. Kf2 Rc8 33. a4 (33. h4 {seems wilder.} Bd6 34. Bd4 Kg7 35. a4 Kg6 36. Bc3) 33... Rc6 34. f4 (34. Nd4 {with more complications.} Rc8 35. h4 Bd6 36. Ne2 Rc6 37. Bd4) 34... Bxb2 35. Rxb2 $11 {[%mdl 4096] Endgame KRB-KRN} Bf5 36. b4 Rc4 37. a5 Be4 38. Nd4 Kh7 39. g4 hxg4 40. hxg4 Kg6 41. b5 Ra4 42. bxa6 bxa6 43. Rb6 Rxa5 44. g5 Ra2+ 45. Kg3 Ra3 46. Rxf6+ Kg7 47. Kf2 Ra2+ 48. Kg3 Ra3 49. Kf2 Ra2+ 50. Ke1 Ra1+ 51. Kd2 a5 52. Rh6 a4 {The position is equal.} 53. Ra6 Ra2+ 54. Kc3 Ra3+ 55. Kd2 Ra2+ 56. Kc3 Ra3+ 57. Kd2 {Accuracy: White = 59%, Black = 66%.} 1/2-1/2

[Event "ROU-chT Men Superliga 2018"]
[Site "Sovata"]
[Date "2018.11.24"]
[Round "1.8"]
[White "Gheorghiu, Calin"]
[Black "Istratescu, Andrei"]
[Result "0-1"]
[WhiteElo "2278"]
[BlackElo "2565"]
[Annotator "TA"]
[PlyCount "78"]
[EventDate "2018.11.24"]
[EventType "team-tourn"]
[EventCountry "ROU"]
[SourceTitle "playchess.com"]
[Source "ChessBase"]
[SourceQuality "1"]

{[%evp 19,78,38,20,20,11,24,38,43,131,126,149,139,141,-6,-13,-27,-42,-150,-141,-117,-70,-425,-104,-94,-109,-412,-397,-411,-411,-395,-259,-264,-254,-243,-251,-247,-204,-209,-207,-232,-242,-337,75,-210,-218,-187,-183,-461,-462,-442,-424,-614,-632,-1156,-1155,-1121,-1120,-1179,-1083,-1173,-1167]} 1. d4 Nf6 2. c4 e6 3. Nc3 Bb4 4. f3 c5 5. d5 b5 6. e4 {[%cal Be2e4,Be4e5][%mdl 32] E20: Nimzo-Indian: 4 g3 and 4 f3} O-O 7. e5 exd5 (7... Ne8 8. f4 exd5 9. cxd5 d6 10. Nf3 Nc7 11. a4 Bb7 12. Bd3 h6 13. O-O c4 14. Bb1 dxe5 15. fxe5 Nxd5 16. Nxb5 {1-0 (36) Mamedyarov,S (2799)-Le,Q (2737) Huaian 2017}) 8. exf6 d4 9. a3 Ba5 10. b4 dxc3 {LiveBook: 11 Games} 11. bxa5 Qxf6 {Strongly threatening ...c2!} 12. Qd5 bxc4 $146 ({Predecessor:} 12... Nc6 13. Bg5 Qd4 {1-0 (34) Sengupta,D (2536)-Grover,S (2483) Glasgow 2014}) 13. Bxc4 {aiming for Ne2.} (13. Qxa8 Nc6 $17) 13... Ba6 (13... c2 $1 $14 14. Ra2 (14. Qxa8 Nc6 $17) 14... Bb7 $1 {[%mdl 512]} 15. Qxb7 Qh4+ 16. g3 Qxc4) 14. Bxa6 $16 (14. Qxa8 $2 Qh4+ 15. Kf1 Qxc4+ 16. Kf2 Qf1+ 17. Kg3 Qe1+ 18. Kh3 Nc6 $19) 14... Qxa6 15. Ne2 (15. Qxa8 Nc6 $15) 15... Nc6 {White must now prevent ...Rae8.} 16. Ra2 ({Inferior is} 16. Qxc5 Rfe8 $11) (16. Kf2 $16) 16... Rfe8 $11 17. Kf2 Re5 $1 {[%cal Re5d5]} 18. Qxd7 (18. Qb3 $15) 18... Rd8 $1 $17 {[%cal Rd8d7]} 19. Qc7 Re7 $1 {[%cal Re7c7]} 20. Qg3 $2 {[%mdl 8192]} (20. Qf4 $15 Ne5 21. Qg5) 20... Rd2 $2 (20... Qc4 $1 $19 {[%cal Rc4a2] has better winning chances.} 21. Bg5 Re6) 21. Rxd2 cxd2 $40 {[%mdl 128] Black is out for blood.} 22. Nf4 $2 {[%mdl 8192]} (22. Nc3 $17 dxc1=N 23. Rxc1) 22... Qc4 $19 {( -> ...Qd4+)} (22... dxc1=R $2 23. Rxc1 Qxa5 24. Rd1 $19) 23. Qh3 {White wants to mate with Qc8+.} (23. Bb2 d1=N+ $1 {[%mdl 512]} 24. Kg1 Nxb2 $19) 23... Qd4+ 24. Kg3 d1=Q ({Don't play} 24... dxc1=R 25. Rxc1 g5 26. Qc8+ Nd8 27. Rc4 $19) 25. Rxd1 Qxd1 26. Qc8+ Nd8 {Hoping for ...g5.} 27. Qxc5 Qd7 28. Bb2 Qc7 29. Qd5 h6 30. h4 Qd7 $2 {[#]} ({Better is} 30... Re2 $19 31. Qb5 Rxb2 $1 {[%mdl 512]} 32. Qxb2 Ne6) 31. Qc5 $2 {[%mdl 8192]} (31. Ng6 $1 $16 {is forced if you want to stay better.}) 31... Ne6 32. Nxe6 Rxe6 {[%mdl 4096] Endgame KQR-KQB} ({Resist} 32... fxe6 33. Be5 $17) 33. Qc3 $2 (33. Bc3 {might work better.}) 33... Rg6+ {Black is clearly winning.} 34. Kf2 Qd6 35. g4 (35. Qc8+ $142 Kh7 36. Qc2) 35... Qh2+ 36. Ke3 Re6+ 37. Kd4 Qe5+ 38. Kd3 Qe2+ 39. Kd4 Re8 {Precision: White = 30%, Black = 54%.} 0-1

[Event "ROU-chT Men Superliga 2018"]
[Site "Sovata"]
[Date "2018.11.24"]
[Round "1.9"]
[White "Aczel, Gergely"]
[Black "Vrencian, Lehel"]
[Result "1/2-1/2"]
[WhiteElo "2549"]
[BlackElo "2321"]
[Annotator "TA"]
[PlyCount "131"]
[EventDate "2018.11.24"]
[EventType "team-tourn"]
[EventCountry "ROU"]
[SourceTitle "playchess.com"]
[Source "ChessBase"]
[SourceQuality "1"]

{[%evp 25,131,38,47,43,37,15,13,8,0,8,47,37,44,46,47,45,38,62,56,56,66,33,61,54,73,29,125,20,21,17,18,18,21,14,14,22,26,25,25,14,15,0,95,0,0,0,20,28,100,97,95,84,84,84,84,31,84,84,90,93,93,12,12,0,108,8,123,116,131,129,108,111,136,107,102,84,89,60,101,95,352,257,257,257,428,233,870,73,73,73,73,8,8,8,8,0,0,-81,0,-8,0,-8,8,8,8,8,428,428]} 1. d4 d5 2. c4 dxc4 3. e3 Nf6 4. Bxc4 e6 5. Nf3 a6 6. O-O Nbd7 7. Qe2 b5 8. Bd3 c5 9. a4 {D28: Queen's Gambit Accepted: Classical main line: 7 Qe2 with early ...Nc6} b4 (9... c4 10. Bc2 Bb7 11. e4 Be7 12. Nc3 b4 13. e5 bxc3 14. exf6 Nxf6 15. bxc3 Bxf3 16. Qxf3 Nd5 17. a5 O-O 18. Qh3 f5 {1-0 (38) Giri,A (2762)-Eljanov,P (2720) Heraklio 2017}) 10. Nbd2 Bb7 11. Nc4 Be7 12. e4 {[%cal Be3e4,Be4e5][%mdl 32]} cxd4 13. e5 Nd5 {LiveBook: 7 Games} 14. Nxd4 Nc5 15. Bc2 Nb6 {[#]} 16. Nd6+ $146 Bxd6 17. exd6 {Black should prevent Qe5.} Qxd6 18. Nf5 Qc6 {[%csl Gb7][%cal Rc6g2]} 19. f3 ({And not} 19. Nxg7+ Kf8 $17) 19... Kf8 20. a5 $1 {[%cal Ra5b6]} Nd5 21. Ne3 b3 22. Nxd5 {And now Nb4 would win.} exd5 23. Bf5 Re8 24. Qf2 Bc8 $1 {[%cal Rc8f5]} 25. Bxc8 Qxc8 (25... Rxc8 $11 26. Rd1 Ne6) 26. Bd2 (26. Rd1 $16) 26... Nd3 $11 27. Qd4 Qc4 28. Ra4 Qxd4+ 29. Rxd4 Nxb2 30. Rxd5 {Strongly threatening Rd4.} Nc4 31. Bb4+ Kg8 32. Rc5 Ne5 $1 33. Bc3 f6 (33... Nd3 $11 34. Rc6 h6) 34. Rc7 ({Better is} 34. Bxe5 $16 {Black must now prevent Bc3.} fxe5 35. Rb1) 34... h5 35. f4 Nf7 36. Rd1 {Threatens to win with Rdd7.} Rd8 (36... Rh6 $11) 37. Rxd8+ $16 Nxd8 {[%mdl 4096] Endgame KRB-KRN} 38. Ra7 Ne6 39. Rxa6 Nxf4 {Hoping for ...Ne2+.} 40. Kf1 (40. Ra8+ $16 Kh7 41. Rxh8+ Kxh8 42. Kf1) 40... Nd5 (40... Kf7 $14 41. Rb6 Nd5 42. Rxb3 Nxc3 43. Rxc3 Ke6) 41. Ra8+ Kh7 42. Rxh8+ Kxh8 {KB-KN} 43. Bd4 (43. Bb2 $16) 43... Nb4 $11 44. Bc3 (44. Bb2 $11) 44... Nd5 $16 45. Bb2 {[%mdl 1024] White has strong compensation.} Nc7 (45... Kg8 $1 $11) 46. Ke2 Kg8 47. Kd3 Kf7 48. Kc4 Ke6 49. Kxb3 Kd5 {[#]} 50. Kb4 $1 Kc6 51. Kc4 Nd5 52. Bc1 g5 $2 {[%mdl 8192]} (52... Ne7 $16) 53. Kd4 Ne7 54. Ke4 Kb5 $2 (54... g4 55. Bd2 Kb5) 55. Bd2 (55. Bb2 $142) 55... Ng6 $2 (55... g4 56. Bc3 f5+ 57. Ke5 f4) 56. Bc3 $2 (56. Kf5 $18 Nf8 57. Kxf6) 56... Nh4 57. g3 f5+ 58. Ke3 ({White should play} 58. Ke5 $16 Nf3+ 59. Kxf5) 58... Ng6 $11 59. Kf3 g4+ 60. Kf2 h4 61. Bd2 {[#]} (61. gxh4 $11 {remains equal.} Nxh4 62. Kg3) 61... Ka6 (61... h3 $1 $17 {aiming for ...Ne5.} 62. Bc3 Nf8) 62. Bc3 Kb5 63. Ke3 hxg3 64. hxg3 f4+ 65. gxf4 Nxf4 $2 {[%mdl 8192]} (65... g3 $11 {and Black stays safe.}) 66. Kxf4 {[%mdl 32768] Accuracy: White = 47%, Black = 43%. . An unexpected result.} 1/2-1/2